Vật lí kĩ thuật 1
Bewaard in:
| Hoofdauteur: | |
|---|---|
| Andere auteurs: | |
| Formaat: | Boek |
| Taal: | Undetermined |
| Gepubliceerd in: |
H.
Giáo dục
2001
|
| Onderwerpen: | |
| Online toegang: | http://lrc.tdmu.edu.vn/opac/search/detail.asp?aID=2&ID=6325 |
| Tags: |
Voeg label toe
Geen labels, Wees de eerste die dit record labelt!
|
| Thư viện lưu trữ: | Trung tâm Học liệu Trường Đại học Thủ Dầu Một |
|---|
| LEADER | 00641nam a2200205Ia 4500 | ||
|---|---|---|---|
| 001 | TDMU_6325 | ||
| 008 | 210410s9999 xx 000 0 und d | ||
| 082 | |a 530 | ||
| 090 | |b PH105 | ||
| 100 | |a Phan, Trần Hùng | ||
| 245 | 0 | |a Vật lí kĩ thuật 1 | |
| 245 | 0 | |c Phan Trần Hùng | |
| 260 | |a H. | ||
| 260 | |b Giáo dục | ||
| 260 | |c 2001 | ||
| 300 | |a 178tr | ||
| 650 | |a Sách đại học; Vật lí; Vật lí kĩ thuật | ||
| 700 | |a Nguyễn, Văn Ánh | ||
| 856 | |u http://lrc.tdmu.edu.vn/opac/search/detail.asp?aID=2&ID=6325 | ||
| 980 | |a Trung tâm Học liệu Trường Đại học Thủ Dầu Một | ||